00000000nam##2200000za#4500
0019.688141
003CaOODSP
00520210624231305
007cr |||||||||||
008150407|2004||||xxc|||||o    f|0| 0 eng|d
020 |a0-662-42727-0
040 |aCaOODSP|beng
043 |an-cn---
0861 |aIu188-4/2-2006E-PDF
1101 |aCanada.|bIndustry Canada. |bSmall Business Policy Branch.
24510|aSmall business financing profiles - women entrepreneurs / |h[electronic resource]|c[by] Christine Carrington.
260 |aOttawa - Ontario : |bIndustry Canada. |c2004, [reprinted] 2006.
300 |a11p.|bgraphs, references, tables
5203 |aWomen entrepreneurs have been the topic of many research studies throughout the last decade. These studies have predominantly focused on women entrepreneurs' access to capital, often suggesting that women lack experience and networks, have poor credit ratings, or that Canada's financial institutions have rigid lending policies or even inherent gender biases. Using the most comprehensive database on small business financing available through the SME Financing Data Initiative, this article will examine the unique characteristics of women entrepreneurs and investigate whether these qualities influence the financing of women-owned businesses.
590 |a06-47|b2006-11-24
69007|aEntrepreneurs|2gcpds
69007|aFunding|2gcpds
69007|aStatistical profile|2gcpds
69007|aWomen workers|2gcpds
7201 |aCarrington, Christine
77508|tProfils de financement de petite entreprise - l'entrepreneuriat au feminin / |w(CaOODSP)9.632574
7760#|tSmall business financing profiles - women entrepreneurs / |w(CaOODSP)9.667311
7760#|tProfils de financement des petites entreprises - l'entrepreneuriat au féminin / |w(CaOODSP)9.667312
85640|ahttp://publications.gc.ca|qPDF|s399 KB|uhttps://publications.gc.ca/collections/Collection/Iu188-4-2-2006E.pdf
986 |a54336E